| 000 | 00999nam a2200241Ia 4500 | ||
|---|---|---|---|
| 003 | OSt | ||
| 005 | 20200730123354.0 | ||
| 008 | 191128s2006 ja ad gr 000 0 jpn d | ||
| 020 | _a491539414X | ||
| 040 |
_aCO-JMCR _cCO-JMCR |
||
| 041 | 1 |
_aeng _hjpn |
|
| 082 | 0 | 4 |
_a332.10952 / _bJ357t _223 |
| 110 | 1 |
_aJapanese Bankers Association _98164 |
|
| 245 | 1 | 4 |
_aThe banking system in Japan / _cJapanese Bankers Association |
| 260 |
_aJapón : _bJapanese Bankers Association-Zenginkyo _c2006. |
||
| 300 |
_a162, 19 páginas : _bgráficas, cuadoros a blanco y negro ; _c22 cm. |
||
| 505 | 0 | _aDevelopments in the japanese economy in 2001 and after -- Steps towards a drastic resolution of the non-performing loan problem and financial and economic revitalization -- Review of the financial administrative institutions and tackling of new issues by | |
| 546 | _aInglés | ||
| 650 | 1 | 4 |
_aBancos _98165 |
| 650 | 2 | 4 |
_aInstituciones financieras _98166 |
| 650 | 2 | 4 |
_aSistema financiero _97647 |
| 942 |
_2ddc _cBK |
||
| 999 |
_c5599 _d5599 |
||